| 000 | 00725nam a2200217 a 4500 | ||
|---|---|---|---|
| 001 | 000028753 | ||
| 005 | 20240229073821.0 | ||
| 008 | 110412s2000 dr 000 0 spa d | ||
| 040 |
_aDO-SdBNP _bspa _cBNPHU |
||
| 082 |
_axxxx _bR426r |
||
| 100 | 1 |
_aRepública Dominicana. _bSuprema Corte de Justicia _955751 |
|
| 245 | 1 | 0 |
_aRecopilación jurisprudencial : _bagosto 1997 - diciembre 1999 / _cpresetación Jorge A. Subero Isa. |
| 260 |
_aSanto Domingo : _bSuprema Corte de Justicia, _c2000. |
||
| 300 |
_a422 p. ; _c21 cm. |
||
| 490 | 1 | _aJudicial | |
| 490 | 1 |
_a"C" Jurisprudencia _v2 |
|
| 700 | 1 | 2 |
_aSubero Isa, Jorge A., _d1947- _976863 |
| 830 | 0 |
_aJudicial _955752 |
|
| 830 | 0 |
_a"C" Jurisprudencia _v2 _955753 |
|
| 049 | _aBNPD | ||
| 999 |
_c28245 _d28245 |
||